Clubs of the Premier League 24/25 Season - Statistics

General Stats
  • This quiz has been taken 27 times
  • The average score is 16 of 20
Answer Stats
Slot Club Name % Correct
3 Arsenal
95%
1 Liverpool
95%
7 Manchester City
95%
13 Manchester United
95%
18 Wolverhampton Wanderers
95%
5 AFC Bournemouth
86%
2 Chelsea
86%
15 Everton
81%
17 Leicester City
81%
8 Newcastle United
81%
20 Southampton
81%
11 Tottenham
81%
4 Nottingham Forest
76%
14 West Ham
71%
6 Aston Villa
67%
10 Brighton
67%
9 Fulham
62%
19 Ipswich Town
62%
12 Brentford
57%
16 Crystal Palace
43%
No matching quizzes found
Score Distribution
Percent of People with Each Score
Percentile by Number Answered
Your Score History
You have not taken this quiz